Vplyv emócií na edukáciu

Analýza emocionalnej edukácie, ktorá sa v ostatných rokoch častejšie zdôrazňuje. Pribúdajú požiadavky na prácu školy, učiteľov a ich výsledky. Edukáciu čoraz viac ovplyvňujú aj výsledky vedeckých skúmaní v oblasti neurovedy, ktorá zdôrazňuje potrebu venovať pozornosť nielen kognitívnej, ale aj emoci...

Ausführliche Beschreibung

Gespeichert in:
Bibliographische Detailangaben
1. Verfasser: Petlák, Erich
Format: Buchkapitel
Sprache:Slowakisch
Schlagworte:
Tags: Tag hinzufügen
Keine Tags, Fügen Sie das erste Tag hinzu!

MARC

LEADER 00000naa a2200000 4500
001 0249924
005 20221104111812.1
041 0 |a slo 
044 |a SK 
245 1 0 |a Vplyv emócií na edukáciu  |c Erich Petlák 
520 |a Analýza emocionalnej edukácie, ktorá sa v ostatných rokoch častejšie zdôrazňuje. Pribúdajú požiadavky na prácu školy, učiteľov a ich výsledky. Edukáciu čoraz viac ovplyvňujú aj výsledky vedeckých skúmaní v oblasti neurovedy, ktorá zdôrazňuje potrebu venovať pozornosť nielen kognitívnej, ale aj emocionálnej stránke edukácie. Je dôležité nielen to, aby sa žiak v škole cítil dobre, bol v nej spokojný, ale aj to, aby jeho učenie podporovala emocionalita. Je dokázané, že emócie majú mimoriadny význam pre naše konanie. 
610 2 0 |a inteligencia emocionálna 
610 2 0 |a vzdelávanie 
610 2 0 |a emócie 
610 2 0 |a žiaci 
610 2 0 |a učitelia 
100 1 |a Petlák, Erich